| 000 | 00562nam a2200205Ia 4500 | ||
|---|---|---|---|
| 005 | 20240613093655.0 | ||
| 008 | 131103s9999 xx 000 0 und d | ||
| 040 | _aLoreto College | ||
| 041 | _aEnglish | ||
| 082 |
_a574 _bFAR |
||
| 100 | _aFarmer, J. Bretland | ||
| 245 | 2 |
_aA practical introduction to the study of botany _cJ. Bretland Farmer & Haraprasad Chaudhuri |
|
| 260 |
_aLondon _bLongmans _c1926 |
||
| 300 |
_a300p. _b ill. |
||
| 504 | _aIncludes index | ||
| 650 | _aBiology | ||
| 700 | _aChaudhuri, Haraprasad | ||
| 850 | _aLCBED | ||
| 942 | _cBK | ||
| 999 |
_c28608 _d79087 |
||